Responses for Show #8669 - Thursday, June 23, 2022

Contestants

[<< previous game]

Andrew Lewis, a lawyer from Oakland, California

Whitney Wood, a history professor from Nanaimo, British Columbia, Canada

Jeff Weinstock, a marketing lecturer from Miami, Florida (whose 1-day cash winnings total $11,202)

[next game >>]

Jeopardy! Round responses

MY PERSONAL QUOTATION DEVICE
KITCHEN TOOLS
POP CULTURE IS ALWAYS IN SEASON
YOU'VE BEEN BOOKED
THE DEVIL
THE "D" TAILS
    $200 19
(Jeff: Who's Ophelia?)

Juliet

Jeff
Triple Stumper
    $200 12
a ladle

Jeff
    $200 6
Winter

Andrew
    $200 25
a log

Andrew
    $200 30
the Tasmanian devil

Andrew
    $200 2
donkey

Whitney
    $400 20
a nail

Andrew
    $400 15
a cruet

Jeff
    $400 7
Summer

Andrew
    $400 26
a manual

Andrew
    $400 24
a devil's food chocolate cake

Whitney
    $400 3
a dove

Whitney
    $600 21
(Jeff: What are dunces?)
(Whitney: What are fools?)

silence

JeffWhitney
Triple Stumper
    $600 14
paella

Andrew
    $600 8
Spring

Andrew
    $600 27
(Whitney: What is a chapbook?)

the novel

Whitney
Triple Stumper
    $600 18
the New Jersey Devils

Whitney
    $600 4
a ducktail (a duck)

Jeff
    $800 22
Nora Ephron

Triple Stumper
    $800 11
a mandoline

Whitney
    $800 9
Winter

Whitney
    $800 28
a ledger

Andrew
    $800 16
(Jeff: What is a hornet?)

the dragonfly

Jeff
Triple Stumper
    $800 1
dingoes

Whitney
    $1000 23
Blair

Jeff
    $1000 13
a spiralizer

Whitney
    $1000 10
(Andrew: What is Winter?)

Autumn

JeffAndrew
    $1000 29
a tome

Andrew
    $1,400 17
a devil's advocate

Jeff
    $1000 5
dolphins

Whitney

Scores at the first commercial break (after clue 15):

Jeff Whitney Andrew
$2,200 $5,000 $800

Scores at the end of the Jeopardy! Round:

Jeff Whitney Andrew
$3,000 $4,800 $3,800

Double Jeopardy! Round responses

IT'S ANARCHY
VOWEL, CONSONANT, VOWEL, CONSONANT
(Mayim: Each response is a 4-letter word that goes vowel, consonant, vowel, consonant.)
PUBLISHED POSTHUMOUSLY
THAT USED TO BE A TRADEMARK
MOUNTAINS
IT CAME FROM A GRAPHIC NOVEL
    $400 17
Italy

Jeff
    $400 12
odor

Jeff
    $400 26
Louisa May Alcott

Andrew
    $400 23
(Mayim: Yes, and Halloween will never be the same.)

Dry Ice

Andrew
    $400 25
the Rocky Mountains

Triple Stumper
    $400 7
Earp

Triple Stumper
    $800 21
light

Jeff
    $800 16
an idol

Whitney
    $800 27
Capote

Jeff
    $800 22
an escalator

Andrew
    $800 24
the Balkans

Triple Stumper
    $800 8
The Boys

Triple Stumper
    $1200 18
(Karl) Marx

Jeff
    $1200 15
an omen

Andrew
    $1200 30
Charles Dickens

Triple Stumper
    $1200 1
a yo-yo

Jeff
    $1200 4
the Pennine Alps

Triple Stumper
    $1200 9
Watchmen

Andrew
    $1600 19
Seattle

Andrew
    $1600 13
amok

Jeff
    $9,000 28
(Pearl) Buck

Jeff
    $2,400 2
(Jeff: What is the... business?)

laundromat

Jeff
    $1600 5
the Appalachians

Andrew
    $1600 10
Chloƫ Grace Moretz

Triple Stumper
    $2000 20
the draft

Triple Stumper
    $2000 14
elan

Jeff
    $2000 29
Forster

Jeff
    $2000 3
a zipper

Triple Stumper
    $2000 6
Mount Kenya

Triple Stumper
    $2000 11
Atomic Blonde

Whitney

Scores at the end of the Double Jeopardy! Round:

Jeff Whitney Andrew
$20,000 $7,600 $11,000

[wagering suggestions for these scores]

Final Jeopardy! Round responses

CLASSIC ALBUMS
(Mayim: Correct response--"What is [*]?" The 1979 album by Tom Petty and the Heartbreakers.)
WhitneyWhat is?
$5,000
AndrewWhat is Let it Burn
$10,000
JeffWhat is the whites of their eyes?
$2,001
Damn the Torpedoes

Final scores:

Jeff Whitney Andrew
$17,999 $2,600 $1,000
2-day champion: $29,201 2nd place: $2,000 3rd place: $1,000

Game dynamics:

Coryat scores:

Jeff Whitney Andrew
$14,600 $7,600 $11,000
16 R
(including 2 DDs),
4 W
(including 1 DD)
11 R,
2 W
17 R,
1 W

Combined Coryat: $33,200

[game clues] [game scores] [suggest correction]

Game tape date: 2022-04-28
The J! Archive is created by fans, for fans. Scraping, republication, monetization, and malicious use prohibited; this site may use cookies and collect identifying information. See terms. The Jeopardy! game show and all elements thereof, including but not limited to copyright and trademark thereto, are the property of Jeopardy Productions, Inc. and are protected under law. This website is not affiliated with, sponsored by, or operated by Jeopardy Productions, Inc. Join the discussion at JBoard.tv.